[Event "DPEM 2017"]
[Site "Wiesbaden"]
[Date "2017.06.15"]
[Round "1.10"]
[White "Bendfeldt, Tim"]
[Black "Schlenker, Joerg"]
[Result "0-1"]
[WhiteElo "2076"]
[BlackElo "2165"]
[Annotator "TA"]
[PlyCount "92"]
[EventDate "2017.??.??"]
[EventType "k.o."]
[EventCountry "GER"]
[SourceTitle "playchess.com"]
[Source "ChessBase"]
[SourceQuality "1"]

{[%evp 11,92,0,0,-9,55,38,54,19,14,18,16,16,22,18,13,-29,10,0,2,-38,-38,-38,-39,-31,-26,-108,-28,-25,-5,-69,-37,-33,49,47,50,-16,14,27,25,58,21,26,27,17,68,-73,-66,-73,-65,-65,-46,-63,-69,-75,-67,-114,-123,-316,-287,-338,-337,-337,-329,-338,-329,-322,-325,-342,-351,-351,-339,-348,-314,-350,-351,-318,-288,-293,-265,-373,-328,-574,-452]} 1. d4 g6 2. Bf4 Bg7 3. e3 d6 4. Nf3 Nf6 5. Be2 O-O 6. O-O Nh5 7. Bg5 {A48: 1 d4 Nf6 2 Nf3 g6: Torre, London and Colle Systems} Qe8 (7... h6 $11 8. Bh4 c5) (7... h6 8. Bh4 f5 9. Nfd2 Nf6 10. c4 e5 11. Nc3 g5 12. dxe5 dxe5 13. Bg3 f4 14. Qc2 fxg3 15. fxg3 {0-1 (40) Khusnutdinov,R (2458)-Nepomniachtchi,I (2767) Doha 2016}) 8. Nfd2 Nf6 9. c3 $146 {White is slightly better.} ({Predecessor:} 9. c4 Nbd7 10. Nc3 c6 11. b4 e5 12. Nb3 h6 13. Bh4 b6 14. Bg3 Bb7 {½-½ (59) Aguinaga Ruiz,J (1973)-Prieto Aranguren,A (2182) Huarte 2013}) 9... e5 10. Re1 Nc6 {[%cal Bb8c6,Bc6d8,Bd8e6][%mdl 32]} 11. a4 Bd7 12. Na3 a6 13. b4 Nd8 14. Nac4 Nd5 15. Ra3 Ne6 16. Bh4 $1 exd4 17. exd4 Bxa4 $1 18. Qc1 (18. Qxa4 $11 {remains equal.} Qxa4 19. Rxa4 Nxc3 20. Ra3 Nxe2+ 21. Rxe2) 18... Ndf4 (18... Bb5 $17 19. Bf3 Ndf4) 19. Bf1 $1 $11 d5 20. Bg3 (20. g3 $1 $11 Nh5 21. Bg2) 20... Qd7 ({Much weaker is} 20... dxc4 $6 21. Bxf4 Qd7 22. Nxc4 $11) 21. Nf3 {[#] Hoping for Nce5.} Bh6 (21... dxc4 $15 22. Bxf4 Nxf4 23. Qxf4 Bb5) 22. Nce5 $14 Qd8 {...Nh3+! is the strong threat.} 23. Qb1 ({Of course not} 23. Rxa4 Nh3+ 24. gxh3 Bxc1 $17) (23. Kh1 $1 $14 Bd7 24. c4 Nxg2 25. Qxh6 Nxe1 26. Nxe1) 23... Bb5 24. Bxb5 axb5 25. Rxa8 Qxa8 26. Nd7 Rd8 27. Nf6+ Kf8 ({Black should play} 27... Kh8 $11) 28. Ng4 ({But not} 28. Nxh7+ Kg7 $15) (28. h4 $1 $14 {stays ahead.}) 28... Bg7 $17 29. Bh4 Rd6 30. g3 Nh5 31. Qc1 Qc8 32. Ne3 Bh6 33. g4 Nhf4 {[%cal Bh5f4,Bf4h3,Bh3g5,Bg5e4][%mdl 32]} 34. g5 $2 {[#]} (34. Qd2 $17 {was called for.}) 34... Bxg5 $1 {[%mdl 512]} 35. Nxg5 Nxg5 36. Bxg5 Nh3+ 37. Kh1 {Strongly threatening Bh4.} Nxg5 38. Ng2 Ne4 39. f3 Nf2+ 40. Kg1 Nh3+ 41. Kf1 Kg8 42. Re5 Rf6 43. Qe3 Qg4 44. Ne1 Qf4 45. Qe2 (45. Qxf4 $142 Nxf4 46. Ng2) 45... Qc1 46. Re3 $2 (46. Qg2 Nf4 47. Qc2) 46... Nf4 {Precision: White = 28%, Black = 50%.} 0-1

[Event "DPEM 2017"]
[Site "Wiesbaden"]
[Date "2017.06.15"]
[Round "1.11"]
[White "Carow, Johannes"]
[Black "Hachtmann, Christian"]
[Result "1-0"]
[WhiteElo "2435"]
[BlackElo "2068"]
[Annotator "TA"]
[PlyCount "133"]
[EventDate "2017.??.??"]
[EventType "k.o."]
[EventCountry "GER"]
[SourceTitle "playchess.com"]
[Source "ChessBase"]
[SourceQuality "1"]

{[%evp 18,133,42,38,49,39,87,76,86,87,90,111,161,145,156,154,158,135,148,87,85,90,88,94,124,108,120,122,168,175,189,108,104,87,90,95,109,111,175,176,179,177,190,185,207,208,227,217,222,219,264,232,228,165,159,134,145,66,67,0,132,0,0,5,6,6,65,58,31,0,0,0,0,0,0,0,100,82,97,77,83,18,28,33,48,53,167,167,277,270,285,282,276,279,338,324,656,652,887,12338,9676,12772,11427,10368,2362,737,707,1543,869,774,12829,12831,12846,12847,12849,12849,12851,29983]} 1. d4 e6 2. c4 f5 3. Nf3 Nf6 4. g3 d5 5. Bg2 c6 6. O-O Bd6 7. Nc3 Ne4 8. Qc2 O-O 9. Rb1 Nd7 10. b4 Qe8 {A90: Dutch Defence: Miscellaneous and Modern Stonewall (with ...Bd6)} (10... b5 11. cxb5 Nxc3 12. Qxc3 cxb5 13. Qc6 Nb6 14. Qxb5 Nc4 15. Ne5 Bxe5 16. dxe5 Bd7 17. Qc5 Qb6 18. Be3 Nxe3 19. Qxe3 Qxe3 20. fxe3 {½-½ (31) Starke,R (2620)-Hall,R (2640) ICCF email 2012}) 11. b5 Qh5 12. bxc6 bxc6 {White is better.} 13. cxd5 $1 exd5 $146 ({Predecessor:} 13... Nxc3 14. Qxc3 cxd5 15. Qc6 Nb6 16. Qxd6 Na4 17. Qc6 Nb6 18. Rxb6 axb6 19. Qxa8 h6 20. Ba3 Re8 21. Rc1 Bd7 22. Qb7 Bc8 23. Rxc8 {1-0 (23) Muckle,J (2101)-Bolduan,M (1867) Wiesbaden 2015}) 14. Nxe4 fxe4 15. Qxc6 Rb8 16. g4 ({Don't play} 16. Rxb8 Bxb8 17. g4 Qxg4 $16) 16... Qxg4 17. Qxd5+ Kh8 18. Rxb8 (18. h3 $142 $1 {[%cal Rh3g4]} Qg6 19. Nh4) 18... Bxb8 $16 19. h3 Qg6 20. Nh4 Qa6 21. Qxe4 Nf6 22. Qc2 Qd6 {[%csl Gb8][%cal Rd6h2]} 23. Nf3 Ba6 24. Qb3 (24. Re1 $18) 24... Bxe2 25. Ba3 Qf4 {Strongly threatening ...Bxf3!} 26. Re1 Bxf3 27. Qxf3 Rc8 (27... Qh2+ $16 28. Kf1 Bd6) 28. Qxf4 $18 Bxf4 29. Bc5 a5 30. Re7 Kg8 31. Bf1 h5 32. Kg2 Bd2 33. a3 Kh7 34. Ba6 Rd8 35. Kf3 Bc3 36. Bd3+ Kh6 37. Bb6 (37. d5 $1 $16 Rxd5 38. Be3+ g5 39. Ke2) 37... Rd6 $1 $14 {[%cal Rd6b6]} 38. Bc5 (38. Bc7 $14 Rxd4 39. Bb1) 38... Rd8 $1 $16 39. Ra7 ({White should try} 39. d5 $1 $16 Nxd5 40. Re6+ Nf6 41. Be3+ g5 42. Ke2) 39... Bxd4 $11 40. Bxd4 Rxd4 {[%mdl 4096] Endgame KRB-KRN} 41. Bb5 Nd5 (41... Rd5 $11 42. a4 g6) 42. Rxa5 $14 Rf4+ 43. Kg3 h4+ 44. Kg2 Rf5 45. Ra6+ (45. Ra4 $5 {[%cal Ra4h4]}) 45... Kg5 {And now ...Nf4+ would win.} 46. Bd7 Rf7 (46... Nf4+ $11 47. Kf3 Ne6+ 48. Ke2 Nf4+ 49. Ke3 Ng2+ 50. Ke4 Rf4+ 51. Ke5 Rxf2) 47. Rd6 $1 $16 {[%cal Rd6d5]} Nf4+ 48. Kf1 Re7 49. Rd1 ({Better is} 49. a4 $16) 49... Re5 $11 50. a4 {[%cal Ba3a4,Ba4a5,Ba5a6,Ba6b7][%mdl 32]} Rc5 51. Ra1 Rc7 {[#]} (51... Ra5 $14) 52. Bg4 $1 $18 Nd3 (52... Kf6 {keeps fighting.} 53. a5 Ke5) 53. a5 Ne5 54. Be2 Ra7 55. a6 Kf6 56. Rb1 Ke6 $2 (56... Nd7 57. Rb4 Ke6 58. Rxh4 Kd6) 57. Rb7 {White is clearly winning.} Rxb7 58. axb7 {KB-KN} Nc6 59. Bb5 Nb8 60. Ke2 Kd6 61. Bd3 Kc7 {[#]} 62. Be4 $1 Nd7 63. Kf3 Nf6 64. Kf4 g5+ 65. Kf5 Nxe4 66. Kxe4 {White threatens Kf5 and mate.} Kxb7 67. Kf5 {Precision: White = 74%, Black = 46%.} (67. f3 $18 Kc6 68. Kf5) 1-0

[Event "DPEM 2017"]
[Site "Wiesbaden"]
[Date "2017.06.15"]
[Round "1.12"]
[White "Schiffner, Kevin"]
[Black "Ignatiev, Felix N"]
[Result "0-1"]
[WhiteElo "2019"]
[BlackElo "2307"]
[Annotator "TA"]
[PlyCount "52"]
[EventDate "2017.??.??"]
[EventType "k.o."]
[EventCountry "GER"]
[SourceTitle "playchess.com"]
[Source "ChessBase"]
[SourceQuality "1"]

{[%evp 11,52,21,32,11,11,14,27,22,24,-3,30,-50,-36,-43,-40,-50,-46,-56,-52,-105,-70,-80,-81,-177,0,-176,-103,-184,-177,-166,-158,-186,-123,-145,-112,-182,-170,-434,-412,-435,-406,-688,-569]} 1. d4 d5 2. c4 e6 3. Nc3 c6 4. e3 f5 5. Nf3 Nf6 {[%cal Bg8f6,Bf6e4,Be4d2][%mdl 32]} 6. Be2 Bd6 {LiveBook: 48 Games} 7. Rb1 {A85: Dutch Defence: 2 c4 Nf6 3 Nc3} (7. Ne5 O-O 8. O-O Nbd7 9. f4 Ne4 10. Nxe4 fxe4 11. Bd2 Nxe5 12. fxe5 Be7 13. Rxf8+ Qxf8 14. Qb3 b6 15. Rf1 Qd8 16. Qa4 Bd7 17. Qd1 Qc7 18. Qc2 Qb7 19. b4 Rf8 20. Rxf8+ Bxf8 21. c5 b5 22. a4 a6 23. a5 {½-½ (23) Fridman,D (2649)-Tomashevsky,E (2758) Berlin 2015}) 7... Nbd7 8. b4 O-O $146 ({Predecessor:} 8... Ne4 9. Qc2 O-O 10. b5 Rf6 11. O-O Rh6 12. g3 g5 13. bxc6 bxc6 14. cxd5 exd5 {0-1 (36) Neumaier,A (1872)-Wurm,C (2098) Austria 2014}) 9. Qb3 {White has an edge.} Ne4 10. Nd2 {[%cal Rc4d5]} Qg5 11. Bf3 (11. O-O $11) 11... Kh8 12. h4 Qe7 13. b5 e5 $36 {[%mdl 2048] Hoping for ...exd4. Black fights for an advantage.} 14. cxd5 ({Much worse is} 14. Ncxe4 fxe4 15. Be2 exd4 $17) 14... Nxd2 15. Kxd2 (15. Bxd2 $15 exd4 16. Ne2) 15... exd4 $17 16. exd4 c5 $1 {[%cal Bc6c5,Bc5c4][%mdl 32]} 17. Ne2 {[#]} (17. Bb2 $17) 17... Nf6 $2 (17... cxd4 $1 $19 18. Nxd4 Nc5) 18. Bb2 $2 {[#]} (18. Ke1 $1 $11 {and White has nothing to worry.}) 18... Ne4+ (18... c4 $1 $19 {[%cal Rc4b3]} 19. Qe3 (19. Qxc4 $2 Ne4+ 20. Bxe4 fxe4 $17) 19... Qf7) 19. Bxe4 (19. Ke1 $17 {is a better defense.}) 19... fxe4 20. Qe3 c4 {[%mdl 1024] Black has strong compensation.} 21. Ke1 Bd7 (21... a6 $19 22. b6 Bg4) 22. Bc1 Qf7 23. Nc3 (23. Kf1 $17 {was worth a try.}) 23... Rae8 $19 {And now ...Qg6 would win.} 24. Rf1 $2 (24. Kf1 {was called for.}) 24... h6 25. Rb2 Qg6 26. Rg1 (26. a3 $142) 26... Bf4 {Precision: White = 18%, Black = 70%.} 0-1

[Event "DPEM 2017"]
[Site "Wiesbaden"]
[Date "2017.06.15"]
[Round "1.13"]
[White "Faas, Dominik"]
[Black "Quast, Marcel"]
[Result "0-1"]
[WhiteElo "2048"]
[BlackElo "2241"]
[Annotator "TA"]
[PlyCount "136"]
[EventDate "2017.??.??"]
[EventType "k.o."]
[EventCountry "GER"]
[SourceTitle "playchess.com"]
[Source "ChessBase"]
[SourceQuality "1"]

{[%evp 28,136,18,14,36,0,33,27,39,15,16,9,11,-16,0,20,22,11,16,0,6,0,1,-29,0,0,35,6,22,-12,-13,-17,-20,-54,0,0,0,-12,3,-37,-38,-86,-91,-87,-31,-115,-95,-118,-99,-93,-97,-101,-93,-100,-95,-118,-118,-329,-53,-60,-26,-41,0,0,0,0,0,0,0,0,0,0,0,-19,-18,-20,-20,-13,-15,-15,-16,-177,-172,-171,-135,-297,-312,-337,-212,-970,-949,-841,-823,-1177,-1120,-1914,-1813,-5579,-5116,-5564,-5181,-29948,-29951,-12844,-12843,-5046,-4595,-8502,-8735,-8502,-7700]} 1. e4 e5 2. Nf3 d6 3. Bc4 Be7 4. O-O Nf6 5. d3 O-O 6. Re1 Nc6 7. c3 Na5 8. Bb5 a6 9. Ba4 b5 10. Bc2 c5 11. Nbd2 {[%cal Bb1d2,Bd2f1,Bf1e3,Be3d5][%mdl 32]} Nc6 12. Nf1 Qc7 13. Bg5 Be6 {C90: Closed Ruy Lopez with 7...d6: Early deviations} 14. Ne3 h6 15. Bh4 {LiveBook: 4 Games} Nd7 {[#] The position is equal.} 16. Bb3 $146 (16. Nd5 $5 {[%cal Rd5c7]} Qd8 17. Nxe7+ Nxe7 18. a4 $11) ({Predecessor:} 16. Bg3 Bf6 17. Nh4 g6 18. Nhf5 gxf5 19. exf5 Kh8 20. f4 Bg7 21. fxe6 fxe6 22. Qg4 exf4 23. Bxf4 {1-0 (35) Berg,E (2581)-Greet,A (2441) Liverpool 2007}) 16... Qd8 17. Bxe7 (17. Bd5 $5 {[%cal Rd5c6]} Bxh4 18. Bxc6 $11) 17... Qxe7 18. Nd5 Qd8 19. a4 b4 20. cxb4 Nxb4 21. Nxb4 {[#] Black must now prevent Nc6.} cxb4 22. d4 Bg4 23. Qd3 (23. h3 $5 {[%cal Rh3g4]} Bxf3 24. Qxf3 $11) 23... Bxf3 24. Qxf3 exd4 25. Bd5 Rb8 26. Qd3 Qb6 27. Red1 Rfc8 28. Qxd4 Rc2 {Strongly threatening ...Qxd4.} 29. b3 a5 30. Bc4 Ne5 (30... Qxd4 $15 31. Rxd4 Ne5) 31. Qxb6 $11 Rxb6 32. Bd5 Rb8 33. h3 g5 34. Rd4 Rbc8 35. Rad1 Kf8 (35... Rb2 $17) 36. R1d2 (36. Bb7 $15 R8c3 37. Rxd6) 36... Rc1+ 37. Kh2 R8c2 38. Bb7 Rxd2 39. Rxd2 $17 {[%mdl 4096] Endgame KRB-KRN} Ke7 40. Rd5 {[#]} Rc5 $1 41. Kg1 Nd7 42. Kf1 $2 (42. Rd1 $17) 42... Nb6 $2 (42... Rc1+ $19 43. Ke2 Nc5) 43. Rd3 $15 Ke6 44. Ke2 f5 45. exf5+ Rxf5 46. Re3+ Kd7 47. Be4 Rc5 48. g3 Nd5 49. Bxd5 Rxd5 $11 {KR-KR} 50. h4 gxh4 51. gxh4 Rd4 52. Rf3 Rxh4 53. Rf5 Re4+ 54. Kf3 $2 (54. Kd3 $11 Re5 55. Rf7+ Ke6 56. Rh7) 54... Re5 $19 55. Rf6 h5 56. Rh6 $2 (56. Rf8 $17 {might work better.}) 56... Kc6 57. Kg3 Kc5 58. Kh4 $2 (58. Kf4) 58... Kd4 59. f4 Rf5 60. Rxh5 Rxf4+ 61. Kg3 Rf6 62. Rxa5 Kc3 63. Rd5 Kxb3 64. a5 Kc4 65. Rd1 d5 {Black is clearly winning.} 66. Rc1+ Kb5 67. Rd1 Kxa5 68. Rxd5+ Ka4 {Precision: White = 30%, Black = 59%.} 0-1

[Event "DPEM 2017"]
[Site "Wiesbaden"]
[Date "2017.06.15"]
[Round "1.14"]
[White "Paulsen, Dirk"]
[Black "Hundack, Rolf"]
[Result "1-0"]
[WhiteElo "2295"]
[BlackElo "2091"]
[Annotator "TA"]
[PlyCount "47"]
[EventDate "2017.??.??"]
[EventType "k.o."]
[EventCountry "GER"]
[SourceTitle "playchess.com"]
[Source "ChessBase"]
[SourceQuality "1"]

{[%evp 9,47,34,86,67,106,113,123,126,155,154,155,161,158,162,162,156,270,237,272,243,362,304,450,446,474,464,786,707,691,699,671,671,1045,998,1621,1585,1596,1552,3410,3384]} 1. d4 Nf6 2. c4 e5 3. dxe5 Ng4 4. e4 Nxe5 5. a3 (5. f4 Ng6 6. Bd3 Bc5 7. Qh5 d6 8. Nc3 Nd7 9. Qe2 O-O 10. Bd2 Nf6 11. Nf3 Bd7 12. O-O-O Re8 13. a3 a5 {1-0 (28) Cheparinov,I (2682)-Al Modiahki,M (2549) Dubai 2014}) 5... Qh4 (5... Bc5 $14) 6. Nc3 $16 {A52: Budapest Gambit} Bc5 {[%csl Gc5][%cal Rh4f2] [#]} 7. g3 $1 {[%cal Rg3h4]} Qf6 {[%csl Gc5][%cal Rf6f2] [#]} 8. f4 $1 {aiming for Nd5.White is better.} Ng6 $146 ({Predecessor:} 8... c6 9. b4 Bxg1 10. Rxg1 Ng6 11. Bb2 Qe7 12. Qc2 d6 {0-1 (41) Fagerheim,L-Lind,M Tromsoe 1997}) 9. Nf3 d6 10. Nd5 Qd8 11. b4 $36 {[%mdl 2048] White has strong initiative.} Bb6 12. Bb2 f6 (12... O-O $16 {is a better defense.} 13. f5 Ne7) 13. h4 {Threatens to win with h5.} h5 14. Be2 Bg4 (14... Ne7 {was called for.} 15. Nd2 Bg4 16. Bxg4 hxg4 17. Qxg4 Kf7) 15. Qc2 $18 Ne7 {[#]} (15... O-O {was worth a try.} 16. c5 dxc5 17. bxc5 Ba5+ 18. Kf2 Ne7) 16. Bxf6 $1 {[%mdl 512] White is clearly winning.} gxf6 17. Nxf6+ Kf7 (17... Kf8 $142 18. Ng5 Nec6) 18. Nxg4 hxg4 19. Ng5+ Kg8 20. c5 c6 21. O-O-O d5 22. exd5 cxd5 {[#]} 23. Rxd5 $1 {[%mdl 512]} Qf8 (23... Qxd5 24. Bc4) 24. Bc4 {Precision: White = 91%, Black = 32%.} 1-0